Servey on common diseases in suckling piglet in cambodia china breeding pig demonstration farm at sen sok district, phnom penh, ការអង្កេតជំងឺដែលជួបប្រទះលើកូនជ្រូកបំបៅដោះនៅស្ថានីយ៍ចិញ្ចឹមជ្រូកពូជបង្ហាញកម្ពុជា-ចិន ខណ្ឌសែនសុខ រាជធានីភ្នំពេញ (Record no. 10433)

000 -LEADER
fixed length control field 00845nam a22001577a 4500
003 - CONTROL NUMBER IDENTIFIER
control field OSt
005 - DATE AND TIME OF LATEST TRANSACTION
control field 20161022140518.0
008 - FIXED-LENGTH DATA ELEMENTS--GENERAL INFORMATION
fixed length control field 161022b xxu||||| |||| 00| 0 eng d
040 ## - CATALOGING SOURCE
Transcribing agency RUA
082 ## - DEWEY DECIMAL CLASSIFICATION NUMBER
Classification number VEM SES 2015 B484 Or.1
100 ## - MAIN ENTRY--PERSONAL NAME
9 (RLIN) 10838
Personal name SES SOPHEAK; សែស សុភ័ក្រ្ត
245 ## - TITLE STATEMENT
Title Servey on common diseases in suckling piglet in cambodia china breeding pig demonstration farm at sen sok district, phnom penh, ការអង្កេតជំងឺដែលជួបប្រទះលើកូនជ្រូកបំបៅដោះនៅស្ថានីយ៍ចិញ្ចឹមជ្រូកពូជបង្ហាញកម្ពុជា-ចិន ខណ្ឌសែនសុខ រាជធានីភ្នំពេញ
260 ## - PUBLICATION, DISTRIBUTION, ETC. (IMPRINT)
Place of publication, distribution, etc. RUA
Name of publisher, distributor, etc. SES
Date of publication, distribution, etc. 2015
300 ## - PHYSICAL DESCRIPTION
Extent xi,42p.
Other physical details ill.
Dimensions 29cm.
942 ## - ADDED ENTRY ELEMENTS (KOHA)
Source of classification or shelving scheme
Koha item type VEM

No items available.

មជ្ឈមណ្ឌលឯការនៃសាកលវិទ្យាល័យភូមិន្ទកសិកម្មចំការដូង

Powered by Koha